[Event "2BLO 1718 SG AE Magdeburg - SK Weilheim"]
[Site "?"]
[Date "2017.12.10"]
[Round "6.5"]
[White "Lochte, Thomas"]
[Black "Melamed, Tatjana"]
[Result "0-1"]
[WhiteElo "2180"]
[BlackElo "2338"]
[PlyCount "58"]
[EventDate "2017.??.??"]

1. e4 c5 2. d4 cxd4 3. c3 Nf6 4. e5 Nd5 5. Qxd4 e6 6. Nf3 Nc6 7. Qe4 f5 8. exf6
Nxf6 9. Qh4 e5 10. Bb5 e4 11. Nd4 Nxd4 12. cxd4 Qa5+ 13. Nc3 Bb4 14. Qg5 Bxc3+
15. bxc3 Qxc3+ 16. Ke2 Qxa1 17. Qxg7 Qxa2+ 18. Bd2 Rf8 19. Rc1 Qg8 20. Qh6 Qg6
21. Rc5 Qxh6 22. Bxh6 Rg8 23. g4 a6 24. Ba4 b5 25. Bb3 d6 26. Rc7 Bxg4+ 27. Ke1
Bd7 28. Bxg8 Nxg8 29. Bf4 d5 0-1

[Event "2BLO 1718 SG AE Magdeburg - SK Weilheim"]
[Site "?"]
[Date "2017.12.10"]
[Round "6.6"]
[White "Andre, Gordon"]
[Black "Fuchs, Georg"]
[Result "1-0"]
[WhiteElo "2277"]
[BlackElo "2204"]
[PlyCount "61"]
[EventDate "2017.??.??"]

1. d4 Nf6 2. c4 e6 3. Nf3 d5 4. Nc3 Be7 5. cxd5 exd5 6. Bg5 O-O 7. e3 c6 8. Bd3
Bg4 9. h3 Bh5 10. Qc2 Bg6 11. Bxg6 hxg6 12. O-O Nbd7 13. Rab1 Ne4 14. Nxe4 dxe4
15. Bxe7 Qxe7 16. Nd2 Rae8 17. b4 a6 18. a4 f5 19. Rb3 g5 20. f3 exf3 21. Rxf3
f4 22. e4 Nf6 23. e5 Nd5 24. Qg6 Qd7 25. Qxg5 Rf5 26. Qh4 Re6 27. Ne4 Ne3 28.
Nc5 Qxd4 29. Nxe6 Qd1+ 30. Kh2 Qxb3 31. Qe7 1-0

[Event "2BLO 1718 SG AE Magdeburg - SK Weilheim"]
[Site "?"]
[Date "2017.12.10"]
[Round "6.7"]
[White "Wiesinger, Robert"]
[Black "Schoene, Maria"]
[Result "1-0"]
[WhiteElo "2224"]
[BlackElo "2254"]
[PlyCount "61"]
[EventDate "2017.??.??"]

1. e4 c5 2. Nf3 d6 3. Bb5+ Bd7 4. Bxd7+ Qxd7 5. O-O Nf6 6. Qe2 Nc6 7. Rd1 e6 8.
d4 cxd4 9. Nxd4 Be7 10. c4 Nxd4 11. Rxd4 Qc6 12. Nc3 h6 13. b3 O-O 14. Bb2 Rfd8
15. Rad1 a6 16. a4 Qb6 17. R4d3 Qc5 18. Kh1 Nh5 19. Nd5 exd5 20. Rxd5 Nf4 21.
Qg4 Ne6 22. Rxc5 dxc5 23. Rd5 h5 24. Qxh5 Nf4 25. Qg4 g5 26. Rxg5+ Bxg5 27.
Qxg5+ Ng6 28. h4 Rd1+ 29. Kh2 Rb1 30. Bf6 Kh7 31. Qh5+ 1-0

[Event "2BLO 1718 SG AE Magdeburg - SK Weilheim"]
[Site "?"]
[Date "2017.12.10"]
[Round "6.8"]
[White "Roseneck, Jonas"]
[Black "Shahin, Walid"]
[Result "1-0"]
[WhiteElo "2287"]
[BlackElo "2153"]
[PlyCount "81"]
[EventDate "2017.??.??"]

1. e4 e6 2. d4 d5 3. Nc3 Nf6 4. e5 Nfd7 5. f4 c5 6. Nf3 Nc6 7. Be3 Qb6 8. Qd2
Qxb2 9. Rb1 Qa3 10. Bb5 Qa5 11. O-O a6 12. Bxc6 bxc6 13. Nxd5 Qd8 14. Nc3 cxd4
15. Nxd4 c5 16. Nb3 Be7 17. Ne4 O-O 18. Rfd1 Qc7 19. Qa5 Qc6 20. Nbxc5 Nxc5 21.
Bxc5 Qxe4 22. Bxe7 Re8 23. Qd2 Bb7 24. Bd6 Bd5 25. Rb4 Bc4 26. Qc3 Rac8 27. Qd2
Qc6 28. c3 Bd5 29. Rc1 Bc4 30. a3 Red8 31. Qd4 Bd5 32. Qf2 Bc4 33. h3 h6 34.
Rb6 Qe4 35. Rd1 Bd5 36. Rd4 Qf5 37. Qd2 f6 38. Rxa6 fxe5 39. Bxe5 Qb1+ 40. Kh2
Qb7 41. Rxe6 1-0

[Event "2BLO 1718 SC Erlangen - SC NT Nürnberg"]
[Site "?"]
[Date "2017.12.10"]
[Round "6.1"]
[White "Maximov, Dmitry"]
[Black "Klek, Hanna Marie"]
[Result "1-0"]
[WhiteElo "2474"]
[BlackElo "2373"]
[PlyCount "79"]
[EventDate "2017.??.??"]

1. e4 e5 2. Nf3 Nc6 3. Bb5 a6 4. Ba4 Nf6 5. O-O Be7 6. Re1 b5 7. Bb3 d6 8. c3
O-O 9. h3 Na5 10. Bc2 c5 11. d4 Qc7 12. Nbd2 Be6 13. Nf1 Nc4 14. b3 Nb6 15. Ne3
Rfe8 16. Bd2 Bf8 17. d5 Bd7 18. c4 b4 19. Nh2 a5 20. a4 Nc8 21. Nhg4 Nxg4 22.
hxg4 Be7 23. g3 Bg5 24. Kg2 Ne7 25. Rh1 Ng6 26. Nf5 Bxd2 27. Qxd2 Rad8 28. Rh5
Nf8 29. Rah1 Bxf5 30. exf5 f6 31. g5 fxg5 32. Qxg5 Qf7 33. Rh6 Kh8 34. Re6 Rd7
35. Bd1 h6 36. f6 Qg8 37. fxg7+ Rxg7 38. Rhxh6+ Nh7 39. Qf6 Rf8 40. Rxh7+ 1-0

[Event "2BLO 1718 SC Erlangen - SC NT Nürnberg"]
[Site "?"]
[Date "2017.12.10"]
[Round "6.2"]
[White "Wenninger, Philipp"]
[Black "Milov, Leonid"]
[Result "1/2-1/2"]
[WhiteElo "2341"]
[BlackElo "2448"]
[PlyCount "54"]
[EventDate "2017.??.??"]

1. d4 f5 2. g3 Nf6 3. Bg2 d6 4. Nf3 g6 5. b3 Bg7 6. Bb2 a5 7. a4 O-O 8. O-O Nc6
9. Na3 Ne4 10. Nd2 d5 11. f3 Nf6 12. Rc1 Nh5 13. e3 e5 14. Nb5 f4 15. dxe5 fxe3
16. Nb1 Bxe5 17. Bxe5 Nxe5 18. f4 Nf7 19. Bxd5 Qe7 20. Re1 Nf6 21. Bc4 Rd8 22.
Qf3 Re8 23. Nd4 Kg7 24. c3 c6 25. Rc2 Bg4 26. Qg2 Nd6 27. h3 Bd7 {(=)} 1/2-1/2

[Event "2BLO 1718 SC Erlangen - SC NT Nürnberg"]
[Site "?"]
[Date "2017.12.10"]
[Round "6.3"]
[White "Yelisieiev, Yevhenii"]
[Black "Hilverda, Alexander"]
[Result "1/2-1/2"]
[WhiteElo "2399"]
[BlackElo "2365"]
[PlyCount "120"]
[EventDate "2017.??.??"]

1. Nf3 d5 2. d4 Nf6 3. c4 e6 4. Nc3 Bb4 5. Bg5 h6 6. Bxf6 Qxf6 7. Qb3 c5 8.
cxd5 exd5 9. dxc5 Bxc3+ 10. Qxc3 Qxc3+ 11. bxc3 Nd7 12. Rd1 Nf6 13. e3 Ke7 14.
Ne5 Ne4 15. c4 dxc4 16. Bxc4 Be6 17. c6 Bxc4 18. cxb7 Rab8 19. Nxc4 Rxb7 20.
O-O Rc7 21. Ne5 Rb8 22. Rc1 Rxc1 23. Rxc1 Nc3 24. Kf1 Nxa2 25. Rc4 Rb7 26. f4
Ke6 27. Nd3 Kd6 28. Ke1 g6 29. Kd2 a5 30. Ra4 Nb4 31. Ne5 Nc6 32. Nc4+ Ke6 33.
Kc3 Rb5 34. e4 h5 35. Ra1 Ke7 36. Rd1 a4 37. Rd6 Rb3+ 38. Kd2 Nb4 39. Rb6 a3
40. Rb7+ Ke6 41. Rb6+ Ke7 42. Rb7+ Kf8 43. Nxa3 Rxa3 44. Rxb4 Ra2+ 45. Ke3 Rxg2
46. f5 gxf5 47. exf5 Rxh2 48. f6 Rh3+ 49. Kf2 Kg8 50. Rb5 h4 51. Rh5 Rg3 52.
Rxh4 Rg6 53. Rf4 Kh7 54. Kf3 Kh6 55. Ke4 Rg5 56. Kf3 Kg6 57. Ke4 Ra5 58. Kf3
Ra6 59. Kg4 Rxf6 60. Rxf6+ Kxf6 1/2-1/2

[Event "2BLO 1718 SC Erlangen - SC NT Nürnberg"]
[Site "?"]
[Date "2017.12.10"]
[Round "6.4"]
[White "Miller, Eduard"]
[Black "Mischustov, Michael"]
[Result "1-0"]
[WhiteElo "2335"]
[BlackElo "2343"]
[PlyCount "95"]
[EventDate "2017.??.??"]

1. Nf3 Nf6 2. g3 d5 3. Bg2 g6 4. c4 c6 5. b3 Bg7 6. Bb2 O-O 7. O-O b6 8. d3 Bb7
9. Qc2 e6 10. e4 Re8 11. Re1 c5 12. Ne5 dxe4 13. dxe4 Qc7 14. f4 Rd8 15. Nc3 a6
16. Rad1 Nc6 17. Nxc6 Bxc6 18. e5 Ne8 19. Bxc6 Qxc6 20. Rd3 Bf8 21. Red1 Be7
22. R1d2 Rxd3 23. Rxd3 Rd8 24. Qd1 Qa8 25. Na4 Rxd3 26. Qxd3 Qd8 27. Qxd8 Bxd8
28. Bc1 Kf8 29. Be3 Ke7 30. b4 cxb4 31. Nxb6 Bc7 32. Kf2 Kd8 33. Kf3 a5 34. Ke4
Bb8 35. Kd4 Ba7 36. Kc5 Nc7 37. Kc6 a4 38. Bd4 Bxb6 39. Kxb6 Kd7 40. Ka5 b3 41.
a3 Kc6 42. Kxa4 b2 43. Bxb2 Kc5 44. Kb3 Na8 45. a4 Nb6 46. Ba3+ Kd4 47. c5 Nc4
48. Kb4 1-0

[Event "2BLO 1718 SC Erlangen - SC NT Nürnberg"]
[Site "?"]
[Date "2017.12.10"]
[Round "6.5"]
[White "Kirchner, Thomas"]
[Black "Ott, Florian"]
[Result "1-0"]
[WhiteElo "2328"]
[BlackElo "2326"]
[PlyCount "95"]
[EventDate "2017.??.??"]

1. e4 c5 2. Nf3 d6 3. Bc4 a6 4. d3 Nf6 5. Bb3 Nc6 6. c3 e6 7. O-O Be7 8. Re1 d5
9. e5 Nd7 10. d4 b5 11. Be3 a5 12. Nbd2 cxd4 13. Nxd4 Ncxe5 14. Bf4 Nd3 15.
Bxd5 Ra6 16. Qf3 Nxe1 17. Rxe1 exd5 18. Nf5 O-O 19. Qg3 Bf6 20. Bc7 Be5 21.
Rxe5 Qf6 22. Nf3 Re6 23. Rxd5 Bb7 24. Rxb5 Bxf3 25. gxf3 a4 26. Kg2 a3 27. bxa3
Rc8 28. Rd5 Qg6 29. Ba5 Nf6 30. Rb5 Nh5 31. Qxg6 hxg6 32. Ne3 Rd6 33. c4 Nf4+
34. Kf1 Ne6 35. Bb4 Rd4 36. a4 f5 37. c5 f4 38. Ng4 Rc4 39. Ne5 Rc1+ 40. Kg2
Kh7 41. a5 Rd8 42. c6 Rdd1 43. Kh3 Rg1 44. Be7 g5 45. a6 Rc2 46. a3 Nd4 47. a7
Rxf2 48. Rb3 1-0

[Event "2BLO 1718 SC Erlangen - SC NT Nürnberg"]
[Site "?"]
[Date "2017.12.10"]
[Round "6.6"]
[White "Merkert, Maximilian"]
[Black "Martin, Thomas"]
[Result "1/2-1/2"]
[WhiteElo "2251"]
[BlackElo "2280"]
[PlyCount "22"]
[EventDate "2017.??.??"]

1. c4 e5 2. g3 Nc6 3. Nc3 Nf6 4. Bg2 Bc5 5. Nf3 d6 6. d3 O-O 7. O-O Re8 8. a3
a6 9. b4 Ba7 10. Bb2 Bg4 11. h3 Bh5 {(=)} 1/2-1/2

[Event "2BLO 1718 SC Erlangen - SC NT Nürnberg"]
[Site "?"]
[Date "2017.12.10"]
[Round "6.7"]
[White "Stadler, Simon"]
[Black "Liepold, Stefan"]
[Result "1/2-1/2"]
[WhiteElo "2195"]
[BlackElo "2160"]
[PlyCount "61"]
[EventDate "2017.??.??"]

1. e4 e6 2. d3 d5 3. Nd2 Nf6 4. Ngf3 b6 5. Be2 dxe4 6. dxe4 Bb7 7. Bd3 Nc6 8.
O-O Be7 9. a3 a5 10. Qe2 Nd7 11. Rd1 Qc8 12. Bb5 Ba6 13. c4 Bxb5 14. cxb5 Nce5
15. Nxe5 Nxe5 16. Nc4 Nxc4 17. Qxc4 O-O 18. Bf4 Bc5 19. b4 axb4 20. axb4 Rxa1
21. Rxa1 Bd6 22. Bxd6 cxd6 23. Qc6 Qb8 24. Ra6 d5 25. g3 dxe4 26. Rxb6 Qe5 27.
Qc5 Qa1+ 28. Kg2 Qa3 29. Rc6 Qf3+ 30. Kg1 Qd1+ 31. Kg2 1/2-1/2

[Event "2BLO 1718 SC Erlangen - SC NT Nürnberg"]
[Site "?"]
[Date "2017.12.10"]
[Round "6.8"]
[White "Kornitzky, Tino"]
[Black "Heimrath, Reiner"]
[Result "0-1"]
[WhiteElo "1924"]
[BlackElo "2252"]
[PlyCount "116"]
[EventDate "2017.??.??"]

1. d4 Nf6 2. c4 g6 3. Nc3 Bg7 4. e4 d6 5. Nf3 O-O 6. Be2 Nbd7 7. O-O e5 8. d5
a5 9. Qc2 Nh5 10. g3 Nc5 11. Bg5 f6 12. Be3 Bh3 13. Rfe1 f5 14. Bxc5 dxc5 15.
exf5 Bxf5 16. Ne4 Nf6 17. Nfd2 Nxe4 18. Nxe4 Bxe4 19. Qxe4 Qf6 20. Rf1 Qb6 21.
Rab1 a4 22. Rfd1 Ra6 23. Rd3 Qb4 24. a3 Qa5 25. Bg4 Raf6 26. Be6+ Kh8 27. f3 c6
28. Bg4 h5 29. Bh3 cxd5 30. Rxd5 b5 31. Bg2 bxc4 32. Qxc4 Rb6 33. Qc2 Qa6 34.
Rxc5 e4 35. Qxe4 Qa7 36. Kh1 Rxb2 37. Rbc1 Rb6 38. Rc7 Qb8 39. f4 Qd8 40. Qxa4
Rd6 41. Bf3 Rd3 42. Qc6 Kh7 43. Qb7 Rg8 44. Be2 Rd2 45. Re7 Qd4 46. Qe4 Qxe4+
47. Rxe4 Bf6 48. a4 Rgd8 49. Rc7+ Kh6 50. Re6 Ra2 51. Kg2 Rdd2 52. Kf3 Ra3+ 53.
Re3 Rxa4 54. Rc6 Kg7 55. Rb3 Ra7 56. Bc4 Bd4 57. Bd3 Re7 58. Rxg6+ Kf7 0-1

[Event "2BLO 1718 SC Forchheim - SC Garching"]
[Site "?"]
[Date "2017.12.10"]
[Round "6.1"]
[White "Stocek, Jiri"]
[Black "Jansa, Vlastimil"]
[Result "1-0"]
[WhiteElo "2566"]
[BlackElo "2435"]
[PlyCount "107"]
[EventDate "2017.??.??"]

1. d4 Nf6 2. Nf3 g6 3. c4 Bg7 4. Nc3 d5 5. cxd5 Nxd5 6. e4 Nxc3 7. bxc3 c5 8.
Be3 Qa5 9. Nd2 Nd7 10. Qc2 O-O 11. Be2 cxd4 12. cxd4 Nb6 13. O-O Be6 14. Nb3
Qa4 15. Qc7 Qd7 16. Rac1 Bxb3 17. axb3 Rac8 18. Qxd7 Nxd7 19. d5 a6 20. Bg4
Rxc1 21. Rxc1 Nf6 22. Bf3 Ne8 23. Bg5 f6 24. Bf4 h5 25. h4 Kh7 26. Rc8 Bh6 27.
Bg3 Kg7 28. Rd8 Nd6 29. Rd7 Rf7 30. e5 fxe5 31. Bxe5+ Kg8 32. Bxd6 exd6 33.
Rxd6 Kg7 34. Rb6 Bf4 35. Be4 Rf6 36. Rxb7+ Kf8 37. g3 Bd2 38. Kg2 a5 39. f4 Bb4
40. Kf3 Kg8 41. Bd3 Kf8 42. Rc7 Bd6 43. Rc6 Kf7 44. Bf1 Ke7 45. Bh3 Rf8 46. Bc8
Rd8 47. Ke4 Kf7 48. Kd4 Kg7 49. Ba6 Kf7 50. Bd3 Ke7 51. Bxg6 Rg8 52. f5 Bxg3
53. f6+ Kd8 54. Bf5 1-0

[Event "2BLO 1718 SC Forchheim - SC Garching"]
[Site "?"]
[Date "2017.12.10"]
[Round "6.2"]
[White "Jirovsky, Milos"]
[Black "Krivoborodov, Egor"]
[Result "1/2-1/2"]
[WhiteElo "2455"]
[BlackElo "2539"]
[PlyCount "33"]
[EventDate "2017.??.??"]

1. d4 Nf6 2. Nf3 g6 3. Bg5 Bg7 4. Nbd2 d5 5. e3 O-O 6. Bd3 b6 7. Qe2 c5 8. c3
Bb7 9. O-O Ne4 10. Bh4 Nd7 11. Rad1 h6 12. Ba6 Bxa6 13. Qxa6 g5 14. Bg3 Nxg3
15. hxg3 Qc8 16. Qe2 Qc6 17. e4 {(=)} 1/2-1/2

[Event "2BLO 1718 SC Forchheim - SC Garching"]
[Site "?"]
[Date "2017.12.10"]
[Round "6.3"]
[White "Renner, Christoph"]
[Black "Rupprecht, Andreas"]
[Result "1/2-1/2"]
[WhiteElo "2347"]
[BlackElo "2400"]
[PlyCount "34"]
[EventDate "2017.??.??"]

1. Nf3 Nf6 2. d4 g6 3. Bf4 Bg7 4. e3 O-O 5. c3 d6 6. Bc4 a6 7. a4 b6 8. O-O Bb7
9. Nbd2 Ne4 10. d5 Nxd2 11. Qxd2 c6 12. e4 b5 13. Be2 Nd7 14. axb5 axb5 15. Nd4
cxd5 16. exd5 Bxd5 17. Nxb5 Bb7 {(=)} 1/2-1/2

[Event "2BLO 1718 SC Forchheim - SC Garching"]
[Site "?"]
[Date "2017.12.10"]
[Round "6.4"]
[White "Heidrich, Manfred"]
[Black "Rusche, Johannes"]
[Result "1/2-1/2"]
[WhiteElo "2354"]
[BlackElo "2299"]
[PlyCount "44"]
[EventDate "2017.??.??"]

1. e4 e5 2. Nf3 Nc6 3. Bc4 Nf6 4. d4 exd4 5. O-O Nxe4 6. Re1 d5 7. Bxd5 Qxd5 8.
Nc3 Qh5 9. Nxe4 Be6 10. Bg5 Bd6 11. Nxd6+ cxd6 12. Bf4 Qd5 13. c3 Qf5 14. cxd4
Qxf4 15. d5 O-O 16. dxe6 fxe6 17. Rxe6 Ne5 18. Rxd6 Nxf3+ 19. gxf3 Qxf3 20.
Qxf3 Rxf3 21. Rd7 Rf7 22. Rad1 Raf8 {(=)} 1/2-1/2

[Event "2BLO 1718 SC Forchheim - SC Garching"]
[Site "?"]
[Date "2017.12.10"]
[Round "6.5"]
[White "Bredl, Harald"]
[Black "Schulz, Lukas"]
[Result "1/2-1/2"]
[WhiteElo "2308"]
[BlackElo "2236"]
[PlyCount "25"]
[EventDate "2017.??.??"]

1. d4 Nf6 2. Bf4 d6 3. Nc3 Nbd7 4. Nf3 c5 5. e3 g6 6. Be2 Bg7 7. Qd2 O-O 8. h3
a6 9. a4 b6 10. O-O Qc7 11. d5 Rb8 12. Ra2 Ne5 13. Nxe5 1/2-1/2

[Event "2BLO 1718 SC Forchheim - SC Garching"]
[Site "?"]
[Date "2017.12.10"]
[Round "6.6"]
[White "Bade, Joern"]
[Black "Koepke, Christian"]
[Result "0-1"]
[WhiteElo "2275"]
[BlackElo "2309"]
[PlyCount "54"]
[EventDate "2017.??.??"]

1. e4 c5 2. Nf3 d6 3. Bc4 Nf6 4. e5 dxe5 5. Nxe5 e6 6. d3 Bd6 7. Nf3 O-O 8. Nc3
a6 9. a4 b6 10. Bg5 Nbd7 11. Ne4 Be7 12. O-O Bb7 13. Re1 h6 14. Bf4 Nd5 15. Bd6
Bxd6 16. Nxd6 Bc6 17. Bxd5 Bxd5 18. Nc4 Qc7 19. Nce5 Nxe5 20. Nxe5 Rfe8 21. Qg4
f6 22. Ng6 e5 23. Re3 Qf7 24. Rg3 f5 25. Qh5 Re6 26. f4 Kh7 27. c4 Bc6 0-1

[Event "2BLO 1718 SC Forchheim - SC Garching"]
[Site "?"]
[Date "2017.12.10"]
[Round "6.7"]
[White "Levushkina, Elena"]
[Black "Wagner, Robert"]
[Result "1-0"]
[WhiteElo "2275"]
[BlackElo "2076"]
[PlyCount "127"]
[EventDate "2017.??.??"]

1. e4 c5 2. Nc3 Nc6 3. Nge2 g6 4. g3 Bg7 5. Bg2 Nf6 6. O-O O-O 7. d3 d6 8. f4
Bg4 9. h3 Bxe2 10. Nxe2 Nd4 11. g4 Nxe2+ 12. Qxe2 Nd7 13. c3 Rb8 14. a4 b6 15.
Be3 a6 16. d4 b5 17. axb5 axb5 18. Rfd1 Qc7 19. e5 Rfd8 20. Bf2 dxe5 21. dxe5
e6 22. Rd6 Rb6 23. Rad1 Bf8 24. Rxb6 Nxb6 25. Rxd8 Qxd8 26. Qxb5 Qd1+ 27. Qf1
Qd2 28. f5 Qxb2 29. fxe6 fxe6 30. Qd3 Qc1+ 31. Kh2 Qf4+ 32. Bg3 Qc4 33. Qxc4
Nxc4 34. Bf1 Nd2 35. Bd3 c4 36. Be2 Kf7 37. Kg2 Bg7 38. Bf4 Nb1 39. Bxc4 Nxc3
40. Kf3 Ke7 41. Bg3 Na4 42. Bb5 Nb6 43. Ke4 Kf7 44. Be1 Bf8 45. Bc6 Bc5 46. Bc3
Nc4 47. Kd3 Ne3 48. Bd4 Bxd4 49. Kxd4 Nd1 50. Bf3 Nf2 51. Bg2 Ke7 52. Bf1 Nh1
53. Ke3 Ng3 54. Bd3 h5 55. Kf3 h4 56. Bxg6 Kf8 57. Bd3 Kf7 58. g5 Nh1 59. Bc2
Ng3 60. Kg4 Ne2 61. Kxh4 Nf4 62. Be4 Ne2 63. Kg4 Nc3 64. Kf3 1-0

[Event "2BLO 1718 SC Forchheim - SC Garching"]
[Site "?"]
[Date "2017.12.10"]
[Round "6.8"]
[White "Wichmann, Adrian"]
[Black "Hess, Max"]
[Result "1-0"]
[WhiteElo "2040"]
[BlackElo "2316"]
[PlyCount "119"]
[EventDate "2017.??.??"]

1. e4 c5 2. Nf3 Nc6 3. d4 cxd4 4. Nxd4 e6 5. Nc3 Qc7 6. Be2 Nf6 7. O-O Be7 8.
Be3 O-O 9. Qd2 d6 10. f4 a6 11. Bf3 Bd7 12. Qf2 Nxd4 13. Bxd4 e5 14. Be3 b5 15.
Rac1 Bc6 16. a3 a5 17. Qg3 Kh8 18. Rfd1 Rad8 19. b4 axb4 20. axb4 Qb7 21. Ra1
Ra8 22. Rxa8 Rxa8 23. fxe5 dxe5 24. Qxe5 Bxb4 25. Nd5 Bxd5 26. exd5 Re8 27. Qd4
Bd6 28. Bf4 Qc7 29. Bxd6 Qxd6 30. h3 Nd7 31. c3 Ne5 32. Be2 Ra8 33. Qb4 Qb6+
34. Qd4 Qd6 35. Qb4 Qb6+ 36. Kh1 Qe3 37. Qxb5 Qxc3 38. d6 Rd8 39. Qb6 Qc8 40.
Bb5 Nd7 41. Qc7 Ne5 42. Qxc8 Rxc8 43. d7 Rd8 44. Rc1 Nxd7 45. Bxd7 g6 46. Rc8
Rxc8 47. Bxc8 Kg7 48. Kh2 f5 49. Kg3 Kh6 50. Kf4 Kh5 51. g3 Kh6 52. Bd7 Kg7 53.
Ke5 Kf7 54. Be6+ Kg7 55. Bd5 h6 56. Bb3 h5 57. h4 Kh6 58. Kf6 Kh7 59. Kg5 Kg7
60. Ba4 1-0

[Event "2.BLO 1718 Bindl Aktionär - Nickelhüt"]
[Site "?"]
[Date "2017.10.23"]
[Round "6.1"]
[White "Papp, Gabor"]
[Black "Petr, Martin"]
[Result "1/2-1/2"]
[WhiteElo "2598"]
[BlackElo "2489"]
[PlyCount "62"]
[EventDate "2017.??.??"]

1. Nf3 Nf6 2. c4 c5 3. Nc3 e6 4. g3 b6 5. Bg2 Bb7 6. O-O Be7 7. d4 cxd4 8. Nxd4
Bxg2 9. Kxg2 O-O 10. e4 Nc6 11. Nxc6 dxc6 12. e5 Nd7 13. f4 Qc7 14. Qe2 a6 15.
Be3 b5 16. Rfd1 Rfd8 17. Rac1 Qa5 18. b3 Nc5 19. Bxc5 Bxc5 20. Ne4 Ba3 21.
Rxd8+ Rxd8 22. Rd1 bxc4 23. Rxd8+ Qxd8 24. Qxc4 Qd5 25. Qe2 h6 26. Kh3 Bb4 27.
Nf2 a5 28. Ne4 Kf8 29. Nf2 Kg8 30. Nd3 Bc5 31. Nf2 Bb4 1/2-1/2

[Event "2.BLO 1718 Bindl Aktionär - Nickelhüt"]
[Site "?"]
[Date "2017.10.23"]
[Round "6.2"]
[White "Kriebel, Tadeas"]
[Black "Antal, Gergely"]
[Result "1-0"]
[WhiteElo "2501"]
[BlackElo "2529"]
[PlyCount "75"]
[EventDate "2017.??.??"]

1. c4 c5 2. g3 Nf6 3. Bg2 d5 4. cxd5 Nxd5 5. Nc3 Nc7 6. Nf3 Nc6 7. a3 e5 8. b4
f6 9. Rb1 Rb8 10. b5 Na5 11. O-O Be7 12. Ne1 O-O 13. f4 exf4 14. Rxf4 b6 15. e3
f5 16. Qc2 Be6 17. Nd3 Kh8 18. Ra4 Bd6 19. Nf4 c4 20. Nce2 Be5 21. Bb2 Bxb2 22.
Qxb2 Bd7 23. Nd4 a6 24. bxa6 Bxa4 25. a7 Qd7 26. axb8=R Rxb8 27. Bh3 Nb3 28.
Bxf5 Qf7 29. Nfe6 Nxd4 30. Nxd4 Bd7 31. Rf1 Bxf5 32. Rxf5 Qe8 33. Qb4 g6 34.
Qd6 Rd8 35. Qf6+ Kg8 36. Nc6 Rd7 37. Re5 Qf7 38. Ne7+ 1-0

[Event "2.BLO 1718 Bindl Aktionär - Nickelhüt"]
[Site "?"]
[Date "2017.10.23"]
[Round "6.3"]
[White "Meijers, Viesturs"]
[Black "Neuman, Petr"]
[Result "1-0"]
[WhiteElo "2472"]
[BlackElo "2440"]
[PlyCount "61"]
[EventDate "2017.??.??"]

1. c4 c6 2. b3 d5 3. Bb2 Bg4 4. h3 Bh5 5. g3 e6 6. Bg2 Nf6 7. Nf3 Nbd7 8. O-O
Bd6 9. Nc3 O-O 10. d3 a6 11. a4 Qb6 12. a5 Qc7 13. Ba3 Bxa3 14. Rxa3 Bxf3 15.
Bxf3 d4 16. Na2 e5 17. Nb4 Rfe8 18. Nc2 Rad8 19. b4 e4 20. dxe4 Nxe4 21. Qxd4
c5 22. Qa1 Nd2 23. Rc1 Nxf3+ 24. exf3 Ne5 25. bxc5 Nxc4 26. Rc3 Nxa5 27. Ne3
Nc6 28. Kg2 Ne5 29. Nf5 Re6 30. Re3 f6 31. Qa2 1-0

[Event "2.BLO 1718 Bindl Aktionär - Nickelhüt"]
[Site "?"]
[Date "2017.10.23"]
[Round "6.4"]
[White "Cech, Pavel"]
[Black "Slobodjan, Roman"]
[Result "1/2-1/2"]
[WhiteElo "2364"]
[BlackElo "2460"]
[PlyCount "164"]
[EventDate "2017.??.??"]

1. d4 d5 2. c4 e6 3. Nc3 Be7 4. Nf3 Nf6 5. Bg5 h6 6. Bh4 Nbd7 7. cxd5 Nxd5 8.
Bxe7 Qxe7 9. Nxd5 exd5 10. e3 Nb6 11. Bd3 Bg4 12. O-O O-O 13. h3 Bxf3 14. Qxf3
c6 15. Rab1 a5 16. Qf5 g6 17. Qf4 Kg7 18. g4 Rfe8 19. Kg2 Nc8 20. Rh1 Nd6 21.
h4 Qf6 22. Qxf6+ Kxf6 23. Rbe1 b6 24. Rc1 Rec8 25. Rc2 c5 26. dxc5 Rxc5 27. Rd2
Rac8 28. h5 g5 29. Rhd1 Rc1 30. Be2 Rxd1 31. Bxd1 Ke5 32. Bb3 Rc5 33. Rd4 f5
34. f4+ gxf4 35. Rxf4 b5 36. Kf3 Rc1 37. Rd4 fxg4+ 38. Kxg4 Nc4 39. Kf3 Rf1+
40. Ke2 Rh1 41. Bxc4 Rh2+ 42. Kf3 bxc4 43. b3 c3 44. Rd3 Rh3+ 45. Ke2 Rxh5 46.
Rxc3 Ke4 47. a4 Rh2+ 48. Kf1 Rb2 49. Rc5 Rxb3 50. Rxa5 h5 51. Ra8 Kxe3 52. Re8+
Kd4 53. Rh8 Rb1+ 54. Ke2 Rb2+ 55. Ke1 Rh2 56. a5 Kd3 57. a6 Re2+ 58. Kd1 Ra2
59. Kc1 Kc3 60. Rc8+ Kd3 61. Rh8 Ra1+ 62. Kb2 Rxa6 63. Rxh5 d4 64. Rh3+ Ke2 65.
Rh2+ Kf3 66. Rh3+ Ke2 67. Rh2+ Kd3 68. Rh3+ Kc4 69. Kc2 Rg6 70. Rf3 Rg2+ 71.
Kd1 Rh2 72. Rg3 Kd5 73. Ra3 Ke4 74. Rb3 Rf2 75. Ra3 Rf3 76. Rxf3 Kxf3 77. Kd2
Ke4 78. Ke2 d3+ 79. Kd2 Kd4 80. Kd1 Ke3 81. Ke1 d2+ 82. Kd1 Kd3 1/2-1/2

[Event "2.BLO 1718 Bindl Aktionär - Nickelhüt"]
[Site "?"]
[Date "2017.10.23"]
[Round "6.5"]
[White "Spiess, Gunter"]
[Black "Paehtz, Thomas"]
[Result "1/2-1/2"]
[WhiteElo "2435"]
[BlackElo "2366"]
[PlyCount "56"]
[EventDate "2017.??.??"]

1. d4 Nf6 2. Nf3 c5 3. d5 b5 4. c4 Bb7 5. Bg5 Ne4 6. cxb5 Nxg5 7. Nxg5 e6 8.
Nf3 Bxd5 9. Nc3 Bb7 10. e4 d6 11. Bd3 Nd7 12. O-O Be7 13. Qe2 O-O 14. Rad1 Qc7
15. Rc1 Rac8 16. b3 Bf6 17. Rfd1 Ne5 18. Nxe5 Bxe5 19. g3 Qe7 20. Nb1 g6 21.
Nd2 Ba8 22. a4 Bd4 23. Nf3 Bg7 24. Rc2 Qb7 25. Nd2 Bd4 26. Nf3 Bg7 27. Nd2 Bd4
28. Nf3 Bg7 1/2-1/2

[Event "2.BLO 1718 Bindl Aktionär - Nickelhüt"]
[Site "?"]
[Date "2017.10.23"]
[Round "6.6"]
[White "Stips, Felix"]
[Black "Londyn, Radek"]
[Result "0-1"]
[WhiteElo "2308"]
[BlackElo "2426"]
[PlyCount "100"]
[EventDate "2017.??.??"]

1. b3 e5 2. Bb2 Nc6 3. e3 Nf6 4. Bb5 Bd6 5. Na3 e4 6. Nc4 Be7 7. Bxc6 dxc6 8.
Qe2 Qd5 9. f3 Bf5 10. O-O-O O-O-O 11. fxe4 Bxe4 12. Nf3 Bxf3 13. gxf3 Rhe8 14.
f4 g6 15. Rhf1 Qh5 16. Qg2 Qg4 17. Qh1 Nd7 18. f5 f6 19. e4 g5 20. h4 gxh4 21.
Ne3 Qh5 22. Ng2 Bd6 23. Nf4 Bxf4 24. Rxf4 h3 25. Re1 Rg8 26. Rf3 Rg2 27. Qxh3
Qg5 28. Bc3 Ne5 29. Rfe3 h5 30. Kb2 c5 31. R1e2 Rg4 32. Qh2 Re8 33. Rh3 h4 34.
d3 Re7 35. Bd2 Qh5 36. Be3 b6 37. Bf2 Rh7 38. Be1 Qg5 39. Bd2 Qg8 40. Bc3 Qe8
41. Qh1 Qg8 42. Qe1 Rg1 43. Qd2 Qg4 44. Ree3 Rg2 45. Qe1 Nc6 46. Bd2 Nd4 47. a3
Rg1 48. Qf2 Qd1 49. Be1 Rf1 50. Qd2 Rxe1 0-1

[Event "2.BLO 1718 Bindl Aktionär - Nickelhüt"]
[Site "?"]
[Date "2017.10.23"]
[Round "6.7"]
[White "Langrock, Hannes"]
[Black "Krensing, Jan"]
[Result "1-0"]
[WhiteElo "2385"]
[BlackElo "2349"]
[PlyCount "71"]
[EventDate "2017.??.??"]

1. d4 e6 2. c4 Nf6 3. g3 d5 4. Nf3 Bb4+ 5. Bd2 Be7 6. Bg2 O-O 7. O-O c6 8. Qc2
b6 9. Bf4 Ba6 10. cxd5 cxd5 11. Rc1 Qd7 12. Ne5 Qb7 13. Nc3 Rc8 14. Qd1 Nbd7
15. a4 Nh5 16. Bd2 Nhf6 17. Bf4 Nh5 18. Be3 Nhf6 19. f4 Ne8 20. Qb3 Ndf6 21. f5
Nd6 22. fxe6 fxe6 23. Bh3 Nf5 24. Bf2 g6 25. e4 Rxc3 26. Qxc3 Nxe4 27. Qc6 Qxc6
28. Rxc6 Rf8 29. Rxe6 Nxf2 30. Bxf5 Bg5 31. Nf3 Rxf5 32. Nxg5 Ng4 33. h4 h6 34.
Rxg6+ Kf8 35. Nh7+ Kf7 36. Rxg4 1-0